Applied statistics for civil and environmental engineers / (Record no. 14756)

MARC details
000 -LEADER
fixed length control field 01876cam a2200385 i 4500
001 - CONTROL NUMBER
control field 15082411
003 - CONTROL NUMBER IDENTIFIER
control field EG-ScBUE
005 - DATE AND TIME OF LATEST TRANSACTION
control field 20241128105655.0
008 - FIXED-LENGTH DATA ELEMENTS--GENERAL INFORMATION
fixed length control field 071115t2008 enk f b 001 0 eng d
020 ## - INTERNATIONAL STANDARD BOOK NUMBER
International Standard Book Number 1405179171
020 ## - INTERNATIONAL STANDARD BOOK NUMBER
International Standard Book Number 9781405179171
040 ## - CATALOGING SOURCE
Original cataloging agency DLC
Language of cataloging eng
Description conventions rda
Transcribing agency DLC
Modifying agency DLC
-- EG-ScBUE
082 04 - DEWEY DECIMAL CLASSIFICATION NUMBER
Classification number 519.5024624
Edition number 22
Item number KOT
100 1# - MAIN ENTRY--PERSONAL NAME
Personal name Kottegoda, N. T.,
Relator term author.
9 (RLIN) 20140
245 10 - TITLE STATEMENT
Title Applied statistics for civil and environmental engineers /
Statement of responsibility, etc Nathabandu T. Kottegoda, Department of Hydraulic, Environmental, and Surveying Engineering, Politecnico di Milano, Italy, Renzo Rosso, Department of Hydraulic, Environmental, and Surveying Engineering, Politecnico di Milano, Italy.
250 ## - EDITION STATEMENT
Edition statement Second edition.
264 #1 - PUBLICATION, DISTRIBUTION, ETC. (IMPRINT)
Place of publication, distribution, etc Oxford, UK ;
-- Malden, MA :
Name of publisher, distributor, etc Blackwell Publishing,
Date of publication, distribution, etc [2008]
264 #4 - PUBLICATION, DISTRIBUTION, ETC. (IMPRINT)
Date of publication, distribution, etc c2008
300 ## - PHYSICAL DESCRIPTION
Extent 718 pages :
Other physical details illustrations ;
Dimensions 25 cm
336 ## - CONTENT TYPE
Source rdacontent
Content type term text
Content type code txt
337 ## - MEDIA TYPE
Media type term unmediated
Source rdamedia
Media type code n
338 ## - CARRIER TYPE
Carrier type term volume
Carrier type code nc
Source rdacarrier
500 ## - GENERAL NOTE
General note Prev. ed. published as: Statistics, probability, and reliability for civil and environmental engineers. New York : McGraw-Hill, c1997.
504 ## - BIBLIOGRAPHY, ETC. NOTE
Bibliography, etc Includes bibliographical references and index.
650 #7 - SUBJECT ADDED ENTRY--TOPICAL TERM
Topical term or geographic name as entry element Civil engineering
General subdivision Statistical methods.
Source of heading or term BUEsh
9 (RLIN) 20141
650 #7 - SUBJECT ADDED ENTRY--TOPICAL TERM
Topical term or geographic name as entry element Environmental engineering
General subdivision Statistical methods.
Source of heading or term BUEsh
9 (RLIN) 20142
650 #7 - SUBJECT ADDED ENTRY--TOPICAL TERM
Topical term or geographic name as entry element Probabilities.
Source of heading or term BUEsh
9 (RLIN) 20143
655 ## - INDEX TERM--GENRE/FORM
Form subdivision Reading book
700 1# - ADDED ENTRY--PERSONAL NAME
Personal name Rosso, Renzo,
Relator term author.
9 (RLIN) 20144
856 42 - ELECTRONIC LOCATION AND ACCESS
Materials specified Contributor biographical information
Uniform Resource Identifier <a href="http://www.loc.gov/catdir/enhancements/fy0808/2007047496-b.html">http://www.loc.gov/catdir/enhancements/fy0808/2007047496-b.html</a>
856 42 - ELECTRONIC LOCATION AND ACCESS
Materials specified Publisher description
Uniform Resource Identifier <a href="http://www.loc.gov/catdir/enhancements/fy0808/2007047496-d.html">http://www.loc.gov/catdir/enhancements/fy0808/2007047496-d.html</a>
856 41 - ELECTRONIC LOCATION AND ACCESS
Materials specified Table of contents only
Uniform Resource Identifier <a href="http://www.loc.gov/catdir/enhancements/fy0808/2007047496-t.html">http://www.loc.gov/catdir/enhancements/fy0808/2007047496-t.html</a>
942 ## - ADDED ENTRY ELEMENTS (KOHA)
Source of classification or shelving scheme Dewey Decimal Classification
Koha item type Book - Borrowing
Holdings
Withdrawn status Lost status Source of classification or shelving scheme Damaged status Not for loan Collection code Home library Current library Shelving location Date acquired Source of acquisition Total Checkouts Full call number Barcode Date last seen Price effective from Koha item type Total Renewals Date checked out
    Dewey Decimal Classification     Baccah Central Library Central Library First floor 07/10/2010 Purchase   519.5024624 KOT 000022344 15/07/2025 07/10/2010 Book - Borrowing    
    Dewey Decimal Classification     Baccah Central Library Central Library First floor 07/10/2010 Purchase   519.5024624 KOT 000022345 15/07/2025 07/10/2010 Book - Borrowing    
    Dewey Decimal Classification     Baccah Central Library Central Library First floor 07/10/2010 Purchase 1 519.5024624 KOT 000022363 15/07/2025 07/10/2010 Book - Borrowing 1 07/10/2010